00228nam a2200085Ia 4500008004100000082001800041100001900059245004500078300001900123230907s9999||||xx |||||||||||||| ||und|| a320.0951bKIM aKim, Youngmin, 2aA history of Chinese political thought / ax, 273 pages ;